Normal view
MARC view
- GEOMETRY.GEOMETRIC METHODS FOR DIGITAL PICTURE ANALYSIS
Entry Topical Term
001 - CONTROL NUMBER
- control field: 63681
003 - CONTROL NUMBER IDENTIFIER
- control field: NUST
005 - DATE AND TIME OF LATEST TRANSACTION
- control field: 20210628203146.0
008 - FIXED-LENGTH DATA ELEMENTS
- fixed length control field: 210628|| aca||aabn | a|a d
040 ## - CATALOGING SOURCE
- Original cataloging agency: NUST
- Transcribing agency: NUST
150 ## - HEADING--TOPICAL TERM
- Topical term or geographic name entry element: GEOMETRY.GEOMETRIC METHODS FOR DIGITAL PICTURE ANALYSIS
670 ## - SOURCE DATA FOUND
- Source citation: Work cat.: (NUST): Klette, Reinhard , Rosenfeld , Azriel 63680, Digital geometry , geometric methods for digital picture analysis, 2005
